Sports Quiz

Random Sports or Soccer Quiz

Premier League 10+ Seasons Quiz Stats

 Plays Quiz Updated Aug 18, 2020

Support Sporcle.
Go Orange.
Score 0/21 Timer 04:00
11 Plays Today
% Correct
Arsenal
98%
Manchester United
95.8%
Liverpool
94.8%
Chelsea
94.8%
Manchester City
94.5%
Aston Villa
92.9%
Everton
92%
Newcastle United
90.3%
Tottenham Hotspur
88.7%
West Ham United
85%
Southampton
73.4%
% Correct
Sunderland
71.7%
Blackburn Rovers
67.9%
Leeds United
65.5%
Fulham
60.4%
West Bromwich Albion
56.9%
Leicester City
51.5%
Bolton Wanderers
50.9%
Stoke City
50.5%
Crystal Palace
49.7%
Middlesbrough
47.6%

You're not logged in!

Compare scores with friends on all Sporcle quizzes.
OR
Log In

From the Vault

Historical Events of 1988

by tequa

Little know fact: In the 20th century, 1988 has the most Roman numeral digits.
Remove Ads.
Support Sporcle.
Get the best of Sporcle when you Go Orange. This ad-free experience offers more features, more stats, and more fun while also helping to support Sporcle. Thank you for becoming a member.

Show Comments

Extras

Top Quizzes Today


Score Distribution

Your Account Isn't Verified!

In order to create a playlist on Sporcle, you need to verify the email address you used during registration. Go to your Sporcle Settings to finish the process.

Report this User

Report this user for behavior that violates our Community Guidelines.

Details: